La naturaleza jurd̕ica del Acuerdo de Paz en Colombia

Bibliographic Details
Main Author: Ramelli, Alejandro
Format: eBook
Language:Spanish
Published: Bogot:̀ Editorial Acadm̌ica Espaǫla, 2019
Subjects:
Online Access:Acceso restringido

MARC

LEADER 00000nam a22000007a 4500
005 20190920130553.0
007 cr|||| ||||
008 190920s2019 co |||||s|||| 00||0 spa d
020 |a 9786139403400 
035 |a 25325 
040 |a vLex 
090 |c 9616  |d 9616 
100 1 |a Ramelli, Alejandro 
245 1 2 |a La naturaleza jurd̕ica del Acuerdo de Paz en Colombia  |h [Recurso electrn̤ico] /  |c Alejandro Ramelli 
256 |a Servicio en ln̕ea 
260 |a Bogot:̀  |b Editorial Acadm̌ica Espaǫla,  |c 2019 
300 |a 1 recurso electrn̤ico 
500 |a El objetivo de la presente obra apunta a presentarle al lector un panorama general entorno a las enormes complejidades y los intensos debates que ha suscitado en Colombia la suscripcin̤, refrendacin̤, alcance del control de constitucionalidad e implementacin̤ del Acuerdo Final, suscrito entre el Gobierno Nacional y las FARC. Debates que han tenido su epicentro no sl̤o en los contenidos del Acuerdo de Paz, en especial, el rǧimen de sanciones propias, la elegibilidad polt̕ica de los antiguos ld̕eres del grupo insurgente y la extensin̤ del concepto de delito conexo con el delito polt̕ico, sino en la naturaleza jurd̕ica del mismo (documento exclusivamente polt̕ico o texto mixto), discusin̤ esta que desborda el m̀bito meramente acadm̌ico, para ubicarse en aquľ de la estabilidad del Acuerdo, y en l︢timas, en la consolidacin̤ de la paz en Colombia. 
506 1 |a Disponible solo en los productos indicados  |d vLex Global  |d vLex Global (Academic Edition, excluding Law Schools)  |d vLex Global (U.S. Academic Edition, Law Schools)  |d vLex Global (U.S. Academic Edition, excluding Law Schools)  |d vLex Global (Academic Edition, Law Schools) 
650 0 4 |a Derecho Pb︢lico y Administrativo  |z Colombia 
740 0 |a vLex Libros (Servicio en ln̕ea) 
856 4 0 |u http://vlex.com/source/25325  |z Acceso restringido 
942 |c BOOK 
999 0 |a Public and Administrative Law